| 000 | 00731nam a2200229 i 4500 | ||
|---|---|---|---|
| 001 | 50715 | ||
| 003 | ES-MaACL | ||
| 005 | 20230906162227.0 | ||
| 007 | t| | ||
| 008 | 030806s1974 sp ||||1| spa d | ||
| 100 | 1 |
_aChaix-Ruy, Jules. _937807 |
|
| 245 | 1 | 0 |
_aSíntesis del pensamiento de Nietzsche / _cJules Chaix-Ruy ; [versión de Marti Canal]. |
| 250 | _a[1ª ed.]. | ||
| 260 |
_aBarcelona : _bNova Terra, _c[1974] |
||
| 300 |
_a267 p. ; _c19 cm. |
||
| 490 | 1 | _aColección Síntesis | |
| 600 | 1 | 4 |
_aNietzsche, Friedrich, _d1844-1900- _xCrítica e interpretación _985721 |
| 700 | 1 |
_aCanal, Marti. _934372 |
|
| 830 | 0 |
_aColección Síntesis _9181518 |
|
| 852 |
_aES-MaACL _jE-6402 _bR.90462 |
||
| 999 |
_c50715 _d50715 |
||